Statistiche per Classifiche Serie A dal 2005/06 al 2022/23

Clicka qui per fare il quiz!

Statistiche generali

  • Questo quiz è stato fatto 123 volte
    (21 dall'ultimo reset)
  • Il punteggio medio è 107 su 360

Statistiche sulle risposte

Hint
Risposta% Corretto
5Atalanta
87%
9Bologna
87%
8Fiorentina
87%
1Inter
87%
3Inter
87%
7 (-10)Juventus
87%
2Lazio
87%
4Milan
87%
1Napoli
87%
6Roma
87%
10Torino
87%
19Cremonese
80%
17Hellas Verona
80%
11Monza
80%
2Roma
80%
15Salernitana
80%
20Sampdoria
80%
13Sassuolo
80%
18Spezia
80%
8Atalanta
73%
14Empoli
73%
7Fiorentina
73%
2Inter
73%
20 (-91)Juventus
73%
4Juventus
73%
1Juventus
73%
4Juventus
73%
5Lazio
73%
16Lecce
73%
3 (-30)Milan
73%
1Milan
73%
3Napoli
73%
6Roma
73%
12Udinese
73%
3Atalanta
67%
3Atalanta
67%
1Inter
67%
2Inter
67%
6Lazio
67%
4Lazio
67%
6Milan
67%
2Milan
67%
5Napoli
67%
5Roma
67%
7Roma
67%
18Cagliari
60%
19Genoa
60%
7Napoli
60%
11Sassuolo
60%
10Torino
60%
12Udinese
60%
20Venezia
60%
13Bologna
53%
14Empoli
53%
9Hellas Verona
53%
20Parma
53%
17Salernitana
53%
15Sampdoria
53%
17Torino
53%
12Bologna
47%
16Cagliari
47%
17Genoa
47%
11Genoa
47%
9Hellas Verona
47%
10Hellas Verona
47%
1Inter
47%
1Inter
47%
1Juventus
47%
1Juventus
47%
1Juventus
47%
1Juventus
47%
1Juventus
47%
1Juventus
47%
16 (-30)Lazio
47%
9Sampdoria
47%
8Sassuolo
47%
8Sassuolo
47%
20SPAL
47%
15Spezia
47%
16Spezia
47%
14Udinese
47%
3Atalanta
40%
18Benevento
40%
14Cagliari
40%
4Chievo Verona
40%
9 (-30)Fiorentina
40%
10Fiorentina
40%
5Fiorentina
40%
4Fiorentina
40%
13Fiorentina
40%
6Genoa
40%
4Inter
40%
4Inter
40%
1Inter
40%
8Inter
40%
1Inter
40%
3Lazio
40%
7Milan
40%
10Milan
40%
1Milan
40%
5Milan
40%
2Napoli
40%
5Napoli
40%
2Napoli
40%
2Roma
40%
2Roma
40%
6Roma
40%
2Roma
40%
3Roma
40%
7Sampdoria
40%
12Bologna
33%
19Brescia
33%
19Crotone
33%
4Fiorentina
33%
4Fiorentina
33%
5Inter
33%
9Inter
33%
2Juventus
33%
1Juventus
33%
1Juventus
33%
7Lazio
33%
3 (-3)Lazio
33%
8Lazio
33%
18Lecce
33%
8Milan
33%
4 (-8)Milan
33%
3Milan
33%
3Milan
33%
3Napoli
33%
2Napoli
33%
11Parma
33%
2Roma
33%
6Roma
33%
15Sampdoria
33%
6Sassuolo
33%
16Torino
33%
9Torino
33%
13Udinese
33%
5Udinese
33%
4Atalanta
27%
14Bologna
27%
18Cagliari
27%
18Carpi
27%
19Cesena
27%
9Chievo Verona
27%
10Empoli
27%
11Genoa
27%
6Inter
27%
4Inter
27%
2Inter
27%
7Juventus
27%
4Lazio
27%
5Lazio
27%
8Lazio
27%
9Lazio
27%
5Lazio
27%
2Milan
27%
3Milan
27%
6Milan
27%
6Milan
27%
5Napoli
27%
2Napoli
27%
3Napoli
27%
3Napoli
27%
5Palermo
27%
20 (-7)Parma
27%
3Roma
27%
2Roma
27%
2Roma
27%
7Torino
27%
3Udinese
27%
7Atalanta
20%
20Bari
20%
20Benevento
20%
15Bologna
20%
19Bologna
20%
15Bologna
20%
19Brescia
20%
16Cagliari
20%
8Catania
20%
18Catania
20%
20Cesena
20%
14Chievo Verona
20%
20 (-3)Chievo Verona
20%
18Empoli
20%
16Fiorentina
20%
8Fiorentina
20%
8Fiorentina
20%
19Frosinone
20%
19Frosinone
20%
16Genoa
20%
17Genoa
20%
20Hellas Verona
20%
19Hellas Verona
20%
7Inter
20%
3Juventus
20%
7Juventus
20%
5Lazio
20%
6Livorno
20%
20Livorno
20%
17Messina
20%
19Novara
20%
19Palermo
20%
18Palermo
20%
6Parma
20%
20Pescara
20%
20Pescara
20%
13Reggina
20%
7Roma
20%
10Sampdoria
20%
15Sampdoria
20%
18Sampdoria
20%
12Sassuolo
20%
11Sassuolo
20%
19 (-6)Siena
20%
17SPAL
20%
9Torino
20%
9Torino
20%
7Torino
20%
12Torino
20%
19Treviso
20%
13Udinese
20%
14Udinese
20%
4Udinese
20%
17Udinese
20%
11Atalanta
13%
15 (-2)Atalanta
13%
17Atalanta
13%
12 (-6)Atalanta
13%
13Atalanta
13%
10Bari
13%
10Bologna
13%
9Bologna
13%
13Bologna
13%
15Cagliari
13%
14Cagliari
13%
15Cagliari
13%
11Cagliari
13%
15Cagliari
13%
11Cagliari
13%
11Catania
13%
12Chievo Verona
13%
10Chievo Verona
13%
13Chievo Verona
13%
16Chievo Verona
13%
14Chievo Verona
13%
17Crotone
13%
18Crotone
13%
15Empoli
13%
18Empoli
13%
8Empoli
13%
6 (-15)Fiorentina
13%
4Fiorentina
13%
13Fiorentina
13%
4Fiorentina
13%
12Genoa
13%
14Genoa
13%
10Genoa
13%
17Genoa
13%
5Genoa
13%
10Genoa
13%
17Genoa
13%
10Hellas Verona
13%
13Hellas Verona
13%
18Lecce
13%
18Lecce
13%
5Milan
13%
6Napoli
13%
16Palermo
13%
16Palermo
13%
5Palermo
13%
8Palermo
13%
11Palermo
13%
14Parma
13%
7Parma
13%
8Parma
13%
10Parma
13%
6Roma
13%
12Sampdoria
13%
12Sampdoria
13%
14 (-1)Sampdoria
13%
4Sampdoria
13%
10Sampdoria
13%
9Sampdoria
13%
12Sassuolo
13%
17Sassuolo
13%
11Sassuolo
13%
15Siena
13%
14Siena
13%
13SPAL
13%
16 (-1)Torino
13%
13Udinese
13%
16Udinese
13%
11Udinese
13%
12Udinese
13%
19Ascoli
7%
10Ascoli
7%
9Atalanta
7%
18Atalanta
7%
8Atalanta
7%
11Atalanta
7%
17Bologna
7%
17Bologna
7%
16 (-3)Bologna
7%
9Cagliari
7%
16Cagliari
7%
14Cagliari
7%
17Cagliari
7%
14Cagliari
7%
13Catania
7%
13Catania
7%
13Catania
7%
15Catania
7%
17Catania
7%
15Cesena
7%
18Chievo Verona
7%
14Chievo Verona
7%
16Chievo Verona
7%
11Chievo Verona
7%
7Empoli
7%
18Empoli
7%
11Fiorentina
7%
9Fiorentina
7%
9Genoa
7%
12Lazio
7%
12Lazio
7%
10Lazio
7%
17Lecce
7%
20Lecce
7%
20Livorno
7%
20Livorno
7%
11Livorno
7%
20Messina
7%
8Napoli
7%
12Napoli
7%
5Palermo
7%
8Palermo
7%
11Palermo
7%
12Parma
7%
12Parma
7%
8Parma
7%
19Parma
7%
14 (-11)Reggina
7%
19Reggina
7%
16Reggina
7%
6Roma
7%
9Sampdoria
7%
13Sampdoria
7%
6Sampdoria
7%
13Siena
7%
14Siena
7%
15 (-1)Siena
7%
19Siena
7%
18Torino
7%
16Torino
7%
15Torino
7%
10Udinese
7%
15Udinese
7%
7Udinese
7%
7Udinese
7%

Distribuzione punteggi

Percentile per numero di risposta

Percentuale di utenti per punteggio

I tuoi punteggi nel tempo

Non hai fatto questo quiz dall'ultimo reset